| 000 | 00491nam a2200181Ia 4500 | ||
|---|---|---|---|
| 003 | GCL | ||
| 008 | 140319s9999 xx 000 0 ara d | ||
| 040 |
_aGCL / _cGCL |
||
| 082 | 0 | 4 |
_a897 _bا ج |
| 100 | 1 | _aاندريتش , ايفو | |
| 245 | 1 | 0 |
_aجسر على نهر دريتا / _cاندريتش , ايفو |
| 700 | 1 | _aسامى الدروبى (مترجم) | |
| 300 | _a411 ص | ||
| 490 | _a | ||
| 650 | 0 | 4 | _aالادب |
| 650 | 0 | 4 | _aالادب اليوغسلافى |
| 942 |
_2ddc _cBK |
||
| 999 |
_c40386 _d40386 |
||